| 000 | 00361cam a2200145ua 4500 | ||
|---|---|---|---|
| 041 |
_aeng _h |
||
| 082 |
_a575 _bKEI/NE |
||
| 100 | _aKeith, Arthur . | ||
| 245 |
_aNew theory of human evolution / _cArthur Keith. _hTextual Documents |
||
| 260 |
_aLondon : _bWatts and company , _c1950. |
||
| 300 | _a451 ; . | ||
| 504 | _a | ||
| 942 | _cBK | ||
| 999 |
_c9291 _d9291 |
||